| 000 | 00440cam a2200169 4500 | ||
|---|---|---|---|
| 001 | D13919 | ||
| 008 | 090401t1952 xxu||||| |||| 00| 0 eng d | ||
| 035 | _a(Sirsi) u12315 | ||
| 041 | _aeng | ||
| 100 | _aSmall, Ben John | ||
| 245 | _aStreamlined specifications standards Volume 1-Architecture (in three pads) | ||
| 260 |
_aNew York _bReinhold Pub Corp _c1952 |
||
| 350 | _a0 | ||
| 520 | _aShelf 135 | ||
| 942 | _n0 | ||
| 948 | _c04/03/1997 | ||
| 999 |
_c86975 _d86975 |
||